000
00286cam a2200121ua 4500
082
_a
624.171
_b
RAO/ ST
100
_a
Rao, J. K .
_9
1679
245
_a
Structural Engineering ,Part-l /
250
_a
4 /
260
_a
Bangalore :
_b
Dixit & Co. ,
_c
1967.
300
_a
211 ; .
942
_c
BK
999
_c
2243
_d
2243